000 00593nam a2200205Ia 4500
005 20250508165527.0
008 008 250505s9999 xx 000 0 eng d
020 _a978-81-7596-926-1
037 _aTextBook
040 _aFEDL
_beng
_cFEDL
041 _aeng
_2eng
084 _a371.76, ARO/R
_qFEDL
100 _aArora Pankaj
245 0 _aSex and safety education: A special case of working children
260 _aNew Delhi, India
_bSR Publishing House
_c2015
300 _axvii, 114p.
365 _aINR
_b250
942 _cTB
_h371.76, ARO/R
999 _c1395665
_d1395665